গণিত-১ Mathematics-I (Calculus and Linear Algebra) For Computer Science Engineering Branches (Record no. 2658)

MARC details
000 -LEADER
Fixed length control field 00502nam a2200181 4500
003 - CONTROL NUMBER IDENTIFIER
Control field SEACOMEC
005 - DATE AND TIME OF LATEST TRANSACTION
Control field 20260414112608.0
008 - FIXED-LENGTH DATA ELEMENTS--GENERAL INFORMATION
Fixed length control field 260414b |||||||| |||| 00| 0 eng d
020 ## - INTERNATIONAL STANDARD BOOK NUMBER / ISBN
International Standard Book Number 978-93-55381-24-8
040 ## - CATALOGING SOURCE
Original cataloging agency SEACOMEC
082 ## - DEWEY DECIMAL CLASSIFICATION NUMBER
Classification number 512
Book Number G231
100 ## - MAIN ENTRY--PERSONAL NAME
Personal name Garg, Reena
245 ## - TITLE STATEMENT
Title গণিত-১ Mathematics-I (Calculus and Linear Algebra) For Computer Science Engineering Branches
Statement of responsibility Reena Garg
260 ## - IMPRINT
Place of publication new Delhi
Name of publisher Khanna
Date of publication 2025
300 ## - PHYSICAL DESCRIPTION
Page / Vol. No 451
650 ## - SUBJECT ADDED ENTRY--TOPICAL TERM
Topical term Math
942 ## - ADDED ENTRY ELEMENTS (KOHA)
Koha item type Gifted/Donated Books
Holdings
Withdrawn status Lost status Source of classification Damaged status Not for loan Home library Current library Date acquired Total Checkouts Call number Accession number Date last seen Price effective from Koha item type
    Dewey Decimal Classification     SEACOM ENGINEERING COLLEGE SEACOM ENGINEERING COLLEGE 14/04/2026   512 G231 G576 14/04/2026 14/04/2026 Gifted/Donated Books
    Dewey Decimal Classification     SEACOM ENGINEERING COLLEGE SEACOM ENGINEERING COLLEGE 14/04/2026   512 G231 G577 14/04/2026 14/04/2026 Gifted/Donated Books
    Dewey Decimal Classification     SEACOM ENGINEERING COLLEGE SEACOM ENGINEERING COLLEGE 14/04/2026   512 G231 G578 14/04/2026 14/04/2026 Gifted/Donated Books
© Seacom Engineering College, All rights reserved.      Powered by Koha